000 00729nam a2200193Ia 4500
003 GCL
008 140319s9999 xx 000 0 ara d
040 _aGCL /
_cGCL
082 0 4 _a412
_bد ك
100 1 _aابن دريد : ابو بكر محمد بن الحسن بن دريد بن عتاهية بن خيثم الازدى المصرى
245 1 0 _aكتاب الاشتقاق /
_cابن دريد : ابو بكر محمد بن الحسن بن دريد بن عتاهية بن خيثم الازدى المصرى
260 _a[S.N] :
_bمكتبة المثنى ،
_c1979
300 _a715 ص
490 _a
650 0 4 _aالالفاظ
650 0 4 _aالاشتقاق
650 0 4 _aاللغة العربية
942 _2ddc
_cBK
999 _c35091
_d35091